00527nam a2200181Ia 4500003000400000008004100004040001600045082001500061100002300076245004800099700002000147700001600167260004700183300002200230650002300252650002100275650004900296GCL140319s9999 xx 000 0 eng d aGCL / cGCL04a891.7bD F1 aDOSTOEVSKY, FYODOR10aLES FRERES KARAMAZOV / cDOSTOEVSKY, FYODOR1 aETIENNE, ROLAND1 aMONGAULT, H aفرنسا : bLE LIVRE DE POCHE ، c1962 a18 CM ؛ c2 VOL.04aRUSSIAN LITERATURE04aRUSSIA - FICTION04aRUSSIAN LITERATURE - TRANSLATION INTO FRENCH